Name that Bear - Picture Quiz - Statistics

General Stats
  • This quiz has been taken 201 times
  • The average score is 6 of 9
Answer Stats
Picture Answer % Correct
Polar bear
99%
Brown bear
98%
Giant Panda
98%
Sun bear
74%
Sri Lankan Sloth bear
59%
Sloth bear
58%
Spectacled bear
53%
American black bear
46%
Asian black bear
43%
No matching quizzes found
Score Distribution
Percent of People with Each Score
Percentile by Number Answered
Your Score History
You have not taken this quiz